[Event "Titled Tuesday intern op 16th Jan Early"]
[Site "Chess.com INT"]
[Date "2024.01.16"]
[Round "2"]
[White "Christiansen, Johan Sebastian"]
[Black "Volkov, Nika"]
[Result "1-0"]
[WhiteElo "2629"]
[BlackElo "2206"]
[PlyCount "87"]
[EventDate "2024.01.16"]
[EventType "swiss (blitz)"]
[EventRounds "11"]
[EventCountry "USA"]
[SourceTitle "CB04_2024"]
[SourceDate "2023.10.16"]
[SourceVersion "1"]
[SourceVersionDate "2023.10.16"]
[SourceQuality "1"]

1. e4 c5 2. Nf3 e6 3. c3 d5 4. e5 Nc6 5. d4 f5 6. exf6 Nxf6 7. Bd3 Bd6 8. Bg5 0-0 9. 0-0 Qc7 10. Nbd2 Bd7 11. Re1 Rae8 12. Bh4 Qb6 13. dxc5 Bxc5 14. b4 Bd6 15. b5 Ne7 16. c4 Nf5 17. Bxf5 exf5 18. Rxe8 Bxe8 19. Bxf6 Rxf6 20. a4 Bc5 21. cxd5 Bxf2+ 22. Kh1 Bf7 23. Nc4 Qc5 24. Nce5 Qxd5 25. Qc2 Qc5 26. Qxc5 Bxc5 27. Nd7 Be7 28. Nxf6+ Bxf6 29. Rc1 Bd5 30. a5 g5 31. Rc5 Be4 32. Nd2 Bd3 33. Rc8+ Kf7 34. Rc7+ Kg6 35. Rxb7 Bc3 36. b6 axb6 37. axb6 f4 38. Nf3 g4 39. Nh4+ Kg5 40. Rc7 Bb4 41. b7 Kxh4 42. b8Q f3 43. Qd8+ Kh5 44. Qxd3 1-0

[Event "Titled Tuesday intern op 16th Jan Early"]
[Site "Chess.com INT"]
[Date "2024.01.16"]
[Round "6"]
[White "Vakhlamov, Igor L"]
[Black "Volkov, Nika"]
[Result "1-0"]
[WhiteElo "2413"]
[BlackElo "2206"]
[PlyCount "95"]
[EventDate "2024.01.16"]
[EventType "swiss (blitz)"]
[EventRounds "11"]
[EventCountry "USA"]
[SourceTitle "CB04_2024"]
[SourceDate "2023.10.16"]
[SourceVersion "1"]
[SourceVersionDate "2023.10.16"]
[SourceQuality "1"]

1. e4 c5 2. Nf3 e6 3. Nc3 d5 4. d4 Nf6 5. exd5 exd5 6. Bb5+ Nc6 7. Ne5 Qb6 8. Be3 cxd4 9. Qxd4 Qxd4 10. Bxd4 Bd7 11. Nxd7 Nxd7 12. 0-0-0 a6 13. Nxd5 axb5 14. Nc7+ Kd8 15. Nxa8 Nxd4 16. Rxd4 Bc5 17. Rd5 Kc8 18. Rhd1 Rd8 19. b4 Bxf2 20. Rxb5 Re8 21. a4 b6 22. a5 bxa5 23. bxa5 Re6 24. Rd3 Ra6 25. Rc3+ Kd8 26. Nc7 Ra7 27. Nd5 f6 28. Nb4 Ke8 29. Rc8+ Kf7 30. a6 Nb6 31. Rc6 Be3+ 32. Kb1 Nd7 33. Rb7 Ke7 34. Rcc7 Rxb7 35. axb7 Ba7 36. Nc6+ Kd6 37. Rxd7+ Kxd7 38. Nxa7 Kc7 39. Kb2 g5 40. Kc3 h5 41. Nb5+ Kxb7 42. Kd4 Kc6 43. Nc3 f5 44. Ke5 f4 45. Ne4 h4 46. Kf5 h3 47. gxh3 f3 48. Kxg5 1-0

[Event "Titled Tuesday intern op 16th Jan Early"]
[Site "Chess.com INT"]
[Date "2024.01.16"]
[Round "1"]
[White "Volkov, Nika"]
[Black "Novikova, Margarita"]
[Result "1-0"]
[WhiteElo "2206"]
[BlackElo "1999"]
[PlyCount "79"]
[EventDate "2024.01.16"]
[EventType "swiss (blitz)"]
[EventRounds "11"]
[EventCountry "USA"]
[SourceTitle "CB04_2024"]
[SourceDate "2023.10.16"]
[SourceVersion "1"]
[SourceVersionDate "2023.10.16"]
[SourceQuality "1"]

1. Nf3 Nf6 2. e3 g6 3. d4 Bg7 4. c4 0-0 5. Be2 d5 6. 0-0 b6 7. Nc3 Ba6 8. cxd5 Bxe2 9. Qxe2 Nxd5 10. e4 Nxc3 11. bxc3 c5 12. Be3 Nc6 13. Rfd1 cxd4 14. cxd4 Na5 15. Rac1 Rc8 16. Qa6 Qd7 17. d5 Bb2 18. Rxc8 Rxc8 19. Rb1 Bg7 20. h3 Nc4 21. Bd4 Nd6 22. Bxg7 Kxg7 23. Qd3 f6 24. Nd4 Qa4 25. Nc6 e5 26. f3 Qxa2 27. Kh2 h5 28. Rb3 Qf2 29. Rb1 h4 30. Rf1 Qa2 31. Kh1 Rc7 32. Qc3 Qc4 33. Qa1 a5 34. Rc1 Qe2 35. Qa3 Qd2 36. Rb1 b5 37. Qxd6 Rf7 38. Qa3 b4 39. Qxa5 b3 40. Qxd2 1-0

[Event "Titled Tuesday intern op 12th Dec Early"]
[Site "Chess.com INT"]
[Date "2023.12.12"]
[Round "4"]
[White "Duda, Jan Krzysztof"]
[Black "Volkov, Nika"]
[Result "1-0"]
[WhiteElo "2732"]
[BlackElo "2206"]
[PlyCount "55"]
[EventDate "2023.12.12"]
[EventType "swiss (blitz)"]
[EventRounds "11"]
[EventCountry "USA"]
[SourceTitle "CB51_2023"]
[SourceDate "2023.12.20"]
[SourceVersion "1"]
[SourceVersionDate "2023.12.20"]
[SourceQuality "1"]

1. g3 d5 2. Bg2 e6 3. f4 b5 4. Nf3 Bb7 5. 0-0 Nf6 6. a4 c6 7. b3 Be7 8. Bb2 Nbd7 9. Kh1 0-0 10. e3 a5 11. d3 Nb6 12. Nbd2 bxa4 13. bxa4 c5 14. Ne5 Qc7 15. g4 Ne8 16. g5 Nd6 17. Qh5 Nf5 18. Ng4 c4 19. Be5 Bd6 20. Bf6 Nd7 21. e4 dxe4 22. dxe4 Bxf4 23. Rf2 g6 24. exf5 Bxg2+ 25. Rxg2 Rfb8 26. Qh6 Nxf6 27. Nxf6+ Kh8 28. Qxh7# 1-0

[Event "Titled Tuesday intern op 12th Dec Early"]
[Site "Chess.com INT"]
[Date "2023.12.12"]
[Round "3"]
[White "Volkov, Nika"]
[Black "Ovezdurdiyeva, Jemal"]
[Result "1-0"]
[WhiteElo "2206"]
[BlackElo "2057"]
[PlyCount "47"]
[EventDate "2023.12.12"]
[EventType "swiss (blitz)"]
[EventRounds "11"]
[EventCountry "USA"]
[SourceTitle "CB51_2023"]
[SourceDate "2023.12.20"]
[SourceVersion "1"]
[SourceVersionDate "2023.12.20"]
[SourceQuality "1"]

1. Nf3 Nf6 2. e3 g6 3. d4 Bg7 4. c4 0-0 5. Be2 b6 6. 0-0 Bb7 7. Nc3 e6 8. b3 c5 9. Bb2 d5 10. dxc5 bxc5 11. Rc1 Nc6 12. cxd5 exd5 13. Na4 c4 14. Nc5 Qb6 15. Bxf6 Bxf6 16. Nd7 Qd8 17. Nxf8 Qxf8 18. bxc4 dxc4 19. Bxc4 Na5 20. Bd5 Rd8 21. e4 Qe7 22. Qd3 Rd6 23. Rfd1 Ba6 24. Bxf7+ 1-0

[Event "Titled Tuesday intern op 11th Jul Early"]
[Site "Chess.com INT"]
[Date "2023.07.11"]
[Round "2"]
[White "Luo, Terry"]
[Black "Volkov, Nika"]
[Result "0-1"]
[WhiteElo "2365"]
[BlackElo "2206"]
[PlyCount "92"]
[EventDate "2023.07.11"]
[EventType "swiss (blitz)"]
[EventRounds "11"]
[EventCountry "USA"]
[SourceTitle "EXT 2024"]
[Source "ChessBase"]
[SourceDate "2023.10.10"]
[SourceVersion "1"]
[SourceVersionDate "2023.10.10"]
[SourceQuality "1"]

1. d4 d5 2. c4 e6 3. Nf3 Nf6 4. g3 Be7 5. Bg2 0-0 6. 0-0 dxc4 7. Qc2 a6 8. a4 Nbd7 9. Qxc4 b5 10. Qc6 Rb8 11. Bf4 Nd5 12. axb5 axb5 13. Rc1 Bb7 14. Qc2 Nxf4 15. gxf4 c5 16. dxc5 Bxc5 17. Nc3 Rc8 18. Qd3 b4 19. Ne4 Be7 20. Nd6 Rxc1+ 21. Rxc1 Nc5 22. Rxc5 Qxd6 23. Qxd6 Bxd6 24. Rb5 Bd5 25. Ne5 Ba2 26. Nd3 b3 27. Nc5 Rb8 28. Rxb8+ Bxb8 29. e3 Bd6 30. Na4 Bb1 31. Bf1 Bc2 32. Bc4 e5 33. fxe5 Bxe5 34. f4 Bd6 35. Kf2 Kf8 36. Ke2 f6 37. Bd3 g5 38. fxg5 fxg5 39. h3 h5 40. Nc3 g4 41. hxg4 h4 42. Ne4 Bb4 43. Nf2 Kg7 44. g5 Kf7 45. Nh3 Ke6 46. g6 Kf6 0-1

[Event "Titled Tuesday intern op 11th Jul Early"]
[Site "Chess.com INT"]
[Date "2023.07.11"]
[Round "1"]
[White "Volkov, Nika"]
[Black "Gaal, Zsoka"]
[Result "1-0"]
[WhiteElo "2206"]
[BlackElo "2328"]
[PlyCount "77"]
[EventDate "2023.07.11"]
[EventType "swiss (blitz)"]
[EventRounds "11"]
[EventCountry "USA"]
[SourceTitle "EXT 2024"]
[Source "ChessBase"]
[SourceDate "2023.10.10"]
[SourceVersion "1"]
[SourceVersionDate "2023.10.10"]
[SourceQuality "1"]

1. d4 f5 2. Nf3 Nf6 3. e3 g6 4. c4 Bg7 5. Be2 d6 6. 0-0 0-0 7. Nc3 Nbd7 8. d5 Ne5 9. Nd4 c5 10. Nf3 Ne4 11. Qc2 Nxc3 12. bxc3 b6 13. Bd2 Nxf3+ 14. Bxf3 Ba6 15. Be2 Qd7 16. e4 Rae8 17. Rae1 f4 18. h3 e6 19. Qd3 h5 20. g3 exd5 21. Qxd5+ Kh7 22. Bxf4 Rxf4 23. gxf4 Bb7 24. Qg5 Bxe4 25. Qg3 Qd8 26. Bd3 h4 27. Qe3 Bc6 28. Qd2 Rf8 29. Be4 Bd7 30. Qe3 Qf6 31. Rd1 Qxf4 32. Qxf4 Rxf4 33. f3 Be5 34. Kg2 Rf8 35. Rfe1 Kh6 36. Bc2 g5 37. Rxe5 dxe5 38. Rxd7 Rf4 39. Rh7# 1-0

[Event "Titled Tuesday intern op 11th Jul Early"]
[Site "Chess.com INT"]
[Date "2023.07.11"]
[Round "11"]
[White "Volkov, Nika"]
[Black "Galchenko, Matvey"]
[Result "0-1"]
[WhiteElo "2206"]
[BlackElo "2438"]
[PlyCount "154"]
[EventDate "2023.07.11"]
[EventType "swiss (blitz)"]
[EventRounds "11"]
[EventCountry "USA"]
[SourceTitle "EXT 2024"]
[Source "ChessBase"]
[SourceDate "2023.10.10"]
[SourceVersion "1"]
[SourceVersionDate "2023.10.10"]
[SourceQuality "1"]

1. d4 Nf6 2. c4 c5 3. e3 g6 4. Nf3 Bg7 5. Nc3 cxd4 6. exd4 d5 7. Be2 0-0 8. 0-0 Nc6 9. Be3 Bg4 10. h3 Bxf3 11. Bxf3 dxc4 12. Bxc6 bxc6 13. Qa4 Qd7 14. Qxc4 Nd5 15. Rac1 Rab8 16. b3 Nxc3 17. Rxc3 Rfc8 18. a3 c5 19. Rfc1 Bxd4 20. Rd3 e5 21. f4 exf4 22. Bf2 Qe7 23. Bxd4 cxd4 24. Qxc8+ Rxc8 25. Rxc8+ Kg7 26. Rc4 Qxa3 27. Rcxd4 g5 28. Rd7 h5 29. Rb7 g4 30. hxg4 hxg4 31. Rdd7 Qc1+ 32. Kh2 g3+ 33. Kh3 Kg6 34. Rxf7 Qh1+ 35. Kg4 Qxg2 36. Rg7+ Kf6 37. Rbf7+ Ke6 38. Rxf4 Qg1 39. Rg6+ Kd7 40. Rf7+ Ke8 41. Rh7 Qd1+ 42. Kg5 Qd2+ 43. Kg4 Qd1+ 44. Kg5 Qd5+ 45. Kh6 Qd2+ 46. Kg7 Qd4+ 47. Kg8 Qd5+ 48. Kh8 g2 49. Rhg7 Qh5+ 50. Kg8 Qd5+ 51. Kh8 Qh5+ 52. Kg8 g1Q 53. Rxg1 Qd5+ 54. Kh8 Qxb3 55. Rg8+ Kd7 56. R1g7+ Kc6 57. Rxa7 Qc3+ 58. Rag7 Kd6 59. Rf8 Ke6 60. Kg8 Qc4 61. Rff7 Ke5 62. Rg6 Qd4 63. Re7+ Kf5 64. Kh7 Qh4+ 65. Kg8 Qxe7 66. Rg7 Qe8+ 67. Kh7 Kf6 68. Kh6 Qe3+ 69. Kh7 Qe4+ 70. Kh8 Qe8+ 71. Kh7 Qh5+ 72. Kg8 Qd5+ 73. Kh8 Qh1+ 74. Kg8 Qa8+ 75. Kh7 Qe8 76. Kh6 Qf8 77. Kh7 Qxg7# 0-1

[Event "Titled Tuesday intern op 11th Jul Early"]
[Site "Chess.com INT"]
[Date "2023.07.11"]
[Round "9"]
[White "Volkov, Nika"]
[Black "Movahed, Sina"]
[Result "1/2-1/2"]
[WhiteElo "2206"]
[BlackElo "2417"]
[PlyCount "171"]
[EventDate "2023.07.11"]
[EventType "swiss (blitz)"]
[EventRounds "11"]
[EventCountry "USA"]
[SourceTitle "EXT 2024"]
[Source "ChessBase"]
[SourceDate "2023.10.10"]
[SourceVersion "1"]
[SourceVersionDate "2023.10.10"]
[SourceQuality "1"]

1. d4 Nf6 2. Nf3 g6 3. c4 Bg7 4. Nc3 0-0 5. e4 d6 6. Be2 e5 7. 0-0 exd4 8. Nxd4 Re8 9. Bf3 Nbd7 10. Qc2 Ne5 11. Be2 c6 12. b3 d5 13. cxd5 cxd5 14. exd5 Nxd5 15. Nxd5 Qxd5 16. Bb2 Bg4 17. Bxg4 Nxg4 18. Rad1 Rac8 19. Qb1 Qh5 20. Nf3 Bxb2 21. Qxb2 Qf5 22. Rfe1 Rxe1+ 23. Rxe1 h5 24. h3 Nf6 25. Re7 Qf4 26. Re1 Nd5 27. Ne5 Re8 28. Nd3 Rxe1+ 29. Nxe1 Qe4 30. Nf3 Nf4 31. Qf6 Ne2+ 32. Kf1 Qe8 33. Qd6 Nc3 34. Qd2 Qb5+ 35. Kg1 Qc5 36. Kf1 b5 37. Qd8+ Kg7 38. Qd2 b4 39. h4 a5 40. Kg1 Kg8 41. g3 Qf5 42. Kg2 Qe4 43. Qd8+ Kg7 44. Qxa5 Nd1 45. Qc5 Qe2 46. Qd4+ Kg8 47. Qd8+ Kg7 48. Qd2 Qxd2 49. Nxd2 Nc3 50. Kf3 Nxa2 51. Ke3 Kf6 52. Kd4 Kf5 53. f3 Nc3 54. Kd3 g5 55. hxg5 Kxg5 56. Nf1 Kf5 57. Ne3+ Kg5 58. Nc2 Na2 59. Ke4 h4 60. gxh4+ Kxh4 61. f4 Kg4 62. Ne3+ Kg3 63. Nd5 Nc3+ 64. Nxc3 bxc3 65. Kd3 Kxf4 66. Kxc3 f5 67. b4 Ke3 68. b5 f4 69. b6 f3 70. b7 f2 71. b8Q f1Q 72. Qe5+ Kf2 73. Kd2 Qg2 74. Qe3+ Kf1+ 75. Kd1 Qf2 76. Qh3+ Kg1 77. Qg4+ Qg2 78. Qd4+ Qf2 79. Qg7+ Qg2 80. Qc7 Qf1+ 81. Kd2 Qg2+ 82. Kd3 Qh3+ 83. Kd4 Qh4+ 84. Kd5 Qh5+ 85. Qe5 Qxe5+ 86. Kxe5 1/2-1/2

[Event "Titled Tuesday intern op 30th May Early"]
[Site "Chess.com INT"]
[Date "2023.05.30"]
[Round "2"]
[White "Bluebaum, Matthias"]
[Black "Volkov, Nika"]
[Result "1/2-1/2"]
[WhiteElo "2669"]
[BlackElo "2206"]
[PlyCount "139"]
[EventDate "2023.05.30"]
[EventType "swiss (blitz)"]
[EventRounds "11"]
[EventCountry "USA"]
[SourceTitle "CBM 214 Extra"]
[Source "ChessBase"]
[SourceDate "2023.07.31"]
[SourceVersion "1"]
[SourceVersionDate "2023.07.31"]
[SourceQuality "1"]

1. d4 d5 2. c4 e6 3. Nc3 Nf6 4. cxd5 exd5 5. Bg5 Be7 6. e3 0-0 7. Bd3 Be6 8. Nge2 Nbd7 9. Nf4 Re8 10. Nxe6 fxe6 11. 0-0 Nf8 12. Rc1 Rc8 13. Qb3 Rb8 14. Rfd1 a6 15. Bf4 Bd6 16. Ne2 c6 17. h3 Bxf4 18. Nxf4 e5 19. dxe5 Rxe5 20. e4 Ne6 21. exd5 Nxd5 22. Nxd5 cxd5 23. Re1 Qf6 24. Bf1 Rf8 25. Rxe5 Qxe5 26. Qxb7 Qd4 27. Rc2 Ng5 28. Qxa6 Ne4 29. Qd3 Qe5 30. Re2 Qg5 31. Qd4 h6 32. f3 Rxf3 33. h4 Rxf1+ 34. Kxf1 Ng3+ 35. Kf2 Nxe2 36. Kxe2 Qxg2+ 37. Kd1 g5 38. hxg5 hxg5 39. a4 g4 40. a5 g3 41. a6 Qf1+ 42. Kd2 Qxa6 43. Qxd5+ Kh7 44. Qe4+ Qg6 45. Qh4+ Qh6+ 46. Qxh6+ Kxh6 47. Ke3 Kg6 48. Kf3 Kf5 49. Kxg3 Ke5 50. Kf2 Kd4 51. Ke2 Kc4 52. Kd2 Kb3 53. Kc1 Kb4 54. Kc2 Kc4 55. Kb1 Kb3 56. Ka1 Kb4 57. Ka2 Ka4 58. Kb1 Kb3 59. Kc1 Kb4 60. Kc2 Kc4 61. b3+ Kb4 62. Kb2 Kb5 63. Kc3 Kc5 64. b4+ Kb5 65. Kb3 Kb6 66. Ka4 Ka6 67. Ka3 Kb5 68. Kb3 Kb6 69. Kc3 Kb5 70. Kb3 1/2-1/2

[Event "Titled Tuesday intern op 30th May Early"]
[Site "Chess.com INT"]
[Date "2023.05.30"]
[Round "7"]
[White "Ibarra Jerez, Jose Carlos"]
[Black "Volkov, Nika"]
[Result "1-0"]
[WhiteElo "2563"]
[BlackElo "2206"]
[PlyCount "49"]
[EventDate "2023.05.30"]
[EventType "swiss (blitz)"]
[EventRounds "11"]
[EventCountry "USA"]
[SourceTitle "CBM 214 Extra"]
[Source "ChessBase"]
[SourceDate "2023.07.31"]
[SourceVersion "1"]
[SourceVersionDate "2023.07.31"]
[SourceQuality "1"]

1. e4 c5 2. Ne2 e6 3. d4 d5 4. exd5 exd5 5. Nbc3 Nf6 6. g3 Nc6 7. Bg2 Be7 8. 0-0 0-0 9. dxc5 Bxc5 10. Nxd5 Nxd5 11. Qxd5 Qb6 12. Nc3 Be6 13. Qh5 Qa5 14. Qh4 Nd4 15. Be3 Nxc2 16. Be4 h6 17. Bxc5 Nxa1 18. Bxf8 Rxf8 19. Rxa1 Qb6 20. Rb1 Rd8 21. Qf4 Rd4 22. Qe3 Qd8 23. Bxb7 Bf5 24. Re1 Kh7 25. Be4 1-0

[Event "Titled Tuesday intern op 30th May Early"]
[Site "Chess.com INT"]
[Date "2023.05.30"]
[Round "9"]
[White "Volkov, Nika"]
[Black "Devaev, Alexander"]
[Result "1-0"]
[WhiteElo "2206"]
[BlackElo "2325"]
[PlyCount "117"]
[EventDate "2023.05.30"]
[EventType "swiss (blitz)"]
[EventRounds "11"]
[EventCountry "USA"]
[SourceTitle "CBM 214 Extra"]
[Source "ChessBase"]
[SourceDate "2023.07.31"]
[SourceVersion "1"]
[SourceVersionDate "2023.07.31"]
[SourceQuality "1"]

1. Nf3 Nf6 2. e3 c5 3. d4 cxd4 4. exd4 d5 5. c4 e6 6. Nc3 Bb4 7. Be2 dxc4 8. Bxc4 0-0 9. 0-0 Nc6 10. Be3 b6 11. Rc1 Bb7 12. Qe2 Bxc3 13. bxc3 Na5 14. Bd3 Rc8 15. Bg5 Qd6 16. Ne5 Nc6 17. Bxf6 gxf6 18. Qg4+ Kh8 19. Qh4 f5 20. Qf6+ Kg8 21. Bxf5 Nxe5 22. dxe5 Qd5 23. Bh3 Rc5 24. Rfe1 Qd8 25. Qh6 Kh8 26. Rcd1 Rd5 27. Rxd5 Bxd5 28. Bg4 Qe7 29. a4 Rg8 30. h3 Rg6 31. Qf4 Kg7 32. g3 Qc5 33. Bh5 Qxc3 34. Rc1 Qa3 35. Bxg6 hxg6 36. h4 Qe7 37. Kh2 Kh7 38. Rc8 Kg7 39. Qg5 Qxg5 40. hxg5 Bb3 41. a5 bxa5 42. Ra8 a4 43. Rxa7 Kf8 44. f4 Kg7 45. Kg2 Bc2 46. Kf3 Bb3 47. Ke3 Kf8 48. Kd4 Ke8 49. Kc5 Bd1 50. Kd6 Kf8 51. Ra8+ Kg7 52. Ke7 Bb3 53. Ke8 Kg8 54. Ra7 Bc2 55. Rxf7 Bb3 56. Ra7 Bc2 57. Ke7 Kg7 58. Kxe6+ Kf8 59. Kf6 1-0

[Event "Titled Tuesday intern op 23rd May Late"]
[Site "Chess.com INT"]
[Date "2023.05.23"]
[Round "5"]
[White "Volkov, Nika"]
[Black "Milikow, Yoav"]
[Result "0-1"]
[WhiteElo "2206"]
[BlackElo "2394"]
[PlyCount "146"]
[EventDate "2023.05.23"]
[EventType "swiss (blitz)"]
[EventRounds "11"]
[EventCountry "USA"]
[SourceTitle "EXT 2024"]
[Source "ChessBase"]
[SourceDate "2023.10.10"]
[SourceVersion "1"]
[SourceVersionDate "2023.10.10"]
[SourceQuality "1"]

1. d4 Nf6 2. Nf3 d5 3. e3 e6 4. c4 Be7 5. Nc3 0-0 6. cxd5 exd5 7. Ne5 c5 8. Bd3 Nc6 9. 0-0 cxd4 10. exd4 Nxd4 11. Bxh7+ Kxh7 12. Qxd4 Be6 13. Be3 a6 14. h3 Qc7 15. Rac1 Qb8 16. Rfd1 Rc8 17. Nd3 Rc4 18. Qb6 Bd8 19. Qb3 d4 20. Bf4 Qa7 21. Qc2 Kg8 22. Ne5 Rcc8 23. Qe2 dxc3 24. bxc3 Bc7 25. Be3 Qb8 26. Nf3 Bc4 27. Qe1 Bxa2 28. c4 Bb3 29. Rd4 Ba4 30. Rh4 Bc6 31. Nd4 Re8 32. Qd2 Qd8 33. Qe2 Qd6 34. g3 Qa3 35. Re1 Re7 36. Nxc6 bxc6 37. Qf3 Rae8 38. Kg2 Qc3 39. Rc1 Qb2 40. Rd1 Rxe3 41. Qxc6 Re2 42. Rf1 Bb8 43. c5 Qc3 44. Qf3 Qxc5 45. Ra4 Qb5 46. Ra3 Re1 47. Rxe1 Rxe1 48. Kh2 Qf1 49. Qg2 Qxg2+ 50. Kxg2 Re6 51. Rb3 Ba7 52. f4 Nd5 53. Rb7 Bc5 54. Kf3 Rb6 55. Rd7 Rb3+ 56. Ke2 Nf6 57. Rd8+ Bf8 58. g4 a5 59. g5 Nh5 60. f5 Ng3+ 61. Kf2 Nxf5 62. Kg2 a4 63. Ra8 a3 64. h4 Nxh4+ 65. Kh2 Nf3+ 66. Kh3 Nxg5+ 67. Kh4 Ne6 68. Kh5 g6+ 69. Kg4 Kg7 70. Ra7 Bc5 71. Rd7 a2 72. Rd1 f5+ 73. Kh4 Be7# 0-1

[Event "Titled Tuesday intern op 02nd May Late"]
[Site "Chess.com INT"]
[Date "2023.05.02"]
[Round "1"]
[White "Van Baar, Esper"]
[Black "Volkov, Nika"]
[Result "0-1"]
[WhiteElo "2180"]
[BlackElo "2206"]
[PlyCount "68"]
[EventDate "2023.05.02"]
[EventType "swiss (blitz)"]
[EventRounds "11"]
[EventCountry "USA"]
[SourceTitle "EXT 2024"]
[Source "ChessBase"]
[SourceDate "2023.10.10"]
[SourceVersion "1"]
[SourceVersionDate "2023.10.10"]
[SourceQuality "1"]

1. e4 c5 2. Nf3 e6 3. c3 d5 4. exd5 exd5 5. d4 Nc6 6. Bb5 Nf6 7. 0-0 Be7 8. dxc5 Bxc5 9. Re1+ Be6 10. Be3 Bxe3 11. Rxe3 0-0 12. Nbd2 Qb6 13. Bxc6 bxc6 14. b3 Rfe8 15. Nf1 Ne4 16. Ng3 Nf6 17. h3 h6 18. Qd2 c5 19. Rae1 a5 20. Nh4 a4 21. Nhf5 axb3 22. axb3 Qxb3 23. c4 Qa2 24. Qxa2 Rxa2 25. cxd5 Nxd5 26. Re5 Rd8 27. Rd1 c4 28. Rexd5 Bxd5 29. Rxd5 Re8 30. Rc5 Re1+ 31. Kh2 Rxf2 32. Nh5 c3 33. Nfxg7 c2 34. Ne8 Rxe8 0-1

[Event "Titled Tuesday intern op 02nd May Late"]
[Site "Chess.com INT"]
[Date "2023.05.02"]
[Round "8"]
[White "Volkov, Nika"]
[Black "Osinenko, Anton"]
[Result "0-1"]
[WhiteElo "2206"]
[BlackElo "2203"]
[PlyCount "68"]
[EventDate "2023.05.02"]
[EventType "swiss (blitz)"]
[EventRounds "11"]
[EventCountry "USA"]
[SourceTitle "EXT 2024"]
[Source "ChessBase"]
[SourceDate "2023.10.10"]
[SourceVersion "1"]
[SourceVersionDate "2023.10.10"]
[SourceQuality "1"]

1. d4 Nf6 2. c4 e5 3. dxe5 Ng4 4. Nf3 Nc6 5. Nc3 Ngxe5 6. e3 d6 7. Be2 g6 8. b3 Bg7 9. Bb2 0-0 10. 0-0 h6 11. Nd4 f5 12. Nd5 Nxd4 13. Bxd4 Be6 14. f4 Nc6 15. Bxg7 Kxg7 16. Bf3 Rb8 17. Rc1 Kh7 18. e4 Ne7 19. e5 dxe5 20. fxe5 Ng8 21. Qe2 c6 22. Nf4 Qe7 23. Rcd1 Rbd8 24. Rd6 Bf7 25. c5 g5 26. Nh5 g4 27. Bxg4 fxg4 28. Qe4+ Kh8 29. Nf6 Bd5 30. Nxg8 Rxf1+ 31. Kxf1 Qf8+ 32. Nf6 Bxe4 33. Ke2 Rxd6 34. cxd6 Bf5 0-1

[Event "GEO-ch 1st League 81st"]
[Site "Tbilisi"]
[Date "2021.12.21"]
[Round "8"]
[White "Akhvlediani, Irakli"]
[Black "Volkov, Nika"]
[Result "1-0"]
[WhiteElo "2430"]
[BlackElo "2105"]
[PlyCount "89"]
[EventDate "2021.12.14"]
[EventType "swiss"]
[EventRounds "9"]
[EventCountry "GEO"]
[SourceTitle "CBM 205 Extra"]
[Source "ChessBase"]
[SourceDate "2022.01.31"]
[SourceVersion "1"]
[SourceVersionDate "2022.01.31"]
[SourceQuality "1"]

1. d4 d5 2. c4 c6 3. Nf3 Nf6 4. Qc2 e6 5. g3 Bd6 6. Nbd2 Nbd7 7. e4 dxe4 8. Nxe4 Nxe4 9. Qxe4 0-0 10. Bd3 Nf6 11. Qh4 Re8 12. 0-0 c5 13. Rd1 cxd4 14. Qxd4 Bc7 15. Qh4 Qe7 16. Bg5 h6 17. Bxh6 gxh6 18. Qxh6 e5 19. Qg5+ Kf8 20. Qh6+ Kg8 21. Ng5 Be6 22. Bh7+ Kh8 23. Bf5+ Kg8 24. Ne4 Bxf5 25. Nxf6+ Qxf6 26. Qxf6 Bg6 27. Rd5 Bd8 28. Qf3 e4 29. Qe3 Bf6 30. h4 b6 31. Rad1 Re6 32. b4 Rc8 33. c5 Be7 34. Rc1 bxc5 35. bxc5 Rf6 36. h5 Bh7 37. Qg5+ Kf8 38. Rd7 e3 39. Qxe3 Re6 40. Qf4 Rf6 41. Qe5 Re6 42. Qh8+ Bg8 43. c6 Bf6 44. Qh6+ Ke8 45. Qd2 1-0

[Event "GEO-ch 1st League 81st"]
[Site "Tbilisi"]
[Date "2021.12.20"]
[Round "7"]
[White "Volkov, Nika"]
[Black "Morchiashvili, Bachana"]
[Result "1/2-1/2"]
[WhiteElo "2105"]
[BlackElo "2326"]
[PlyCount "73"]
[EventDate "2021.12.14"]
[EventType "swiss"]
[EventRounds "9"]
[EventCountry "GEO"]
[SourceTitle "CBM 205 Extra"]
[Source "ChessBase"]
[SourceDate "2022.01.31"]
[SourceVersion "1"]
[SourceVersionDate "2022.01.31"]
[SourceQuality "1"]

1. d4 Nf6 2. c4 c5 3. d5 b5 4. cxb5 a6 5. bxa6 g6 6. Nc3 Bg7 7. e4 0-0 8. Nf3 Qa5 9. Nd2 Bxa6 10. Bxa6 Nxa6 11. 0-0 Nb4 12. a4 d6 13. Ra3 Rfc8 14. Qe2 Ne8 15. Nc4 Qa6 16. Bg5 Kf8 17. Nb5 Nc7 18. Rh3 Nxb5 19. axb5 Qxb5 20. Rxh7 Kg8 21. Rh3 Ra2 22. Qg4 Rca8 23. Na3 Qe8 24. Bc1 Ra1 25. Qh4 Qa4 26. Qh7+ Kf8 27. Rf3 g5 28. h4 Na2 29. Bxg5 Rxf1+ 30. Kh2 f6 31. h5 Qe8 32. Nc4 Qf7 33. Ne3 Re1 34. Nf5 Qg8 35. Qg6 Qf7 36. Qh7 Qg8 37. Qg6 1/2-1/2

[Event "GEO-ch 1st League 81st"]
[Site "Tbilisi"]
[Date "2021.12.18"]
[Round "5"]
[White "Volkov, Nika"]
[Black "Goderdzishvili, Giga"]
[Result "1/2-1/2"]
[WhiteElo "2105"]
[BlackElo "1982"]
[PlyCount "131"]
[EventDate "2021.12.14"]
[EventType "swiss"]
[EventRounds "9"]
[EventCountry "GEO"]
[SourceTitle "CBM 205 Extra"]
[Source "ChessBase"]
[SourceDate "2022.01.31"]
[SourceVersion "1"]
[SourceVersionDate "2022.01.31"]
[SourceQuality "1"]

1. d4 Nf6 2. c4 g6 3. Nc3 Bg7 4. Nf3 0-0 5. e4 d6 6. Be2 Nbd7 7. 0-0 e5 8. Be3 exd4 9. Bxd4 Re8 10. Qc2 b6 11. Rfe1 Bb7 12. Bf1 Nc5 13. Bxc5 bxc5 14. Nd5 Ng4 15. Rab1 a5 16. Qa4 Ne5 17. Nxe5 Bxe5 18. Re3 Bd4 19. Re2 Bxd5 20. cxd5 Qf6 21. Qc2 h5 22. Rd2 Rab8 23. b3 h4 24. Qd3 Re7 25. g3 Rbe8 26. Bg2 Qg5 27. gxh4 Qxh4 28. Qg3 Qh6 29. Rbd1 Re5 30. h3 Rg5 31. Qf3 Qh4 32. Re2 Kg7 33. Kh1 Rh8 34. Rc2 Rg4 35. Rd3 Rf4 36. Qg3 Qf6 37. Rf3 Rhh4 38. Rxf4 Rxf4 39. Kg1 Be5 40. Qd3 Qh4 41. Qg3 Qh5 42. Qd3 Bd4 43. Re2 Qh4 44. Qd2 Qf6 45. a4 g5 46. Kf1 Kf8 47. Qc2 g4 48. hxg4 Rxg4 49. Qd3 Qh6 50. Qh3 Qg5 51. Qf3 Rf4 52. Qh3 Rxf2+ 53. Rxf2 Qc1+ 54. Ke2 Qc2+ 55. Kf3 Qxf2+ 56. Kg4 Be5 57. Qh6+ Bg7 58. Qh3 Bf6 59. Qg3 Qe2+ 60. Bf3 Qb2 61. Bg2 Ke7 62. Qf3 Qd2 63. Bf1 Qg5+ 64. Kh3 Be5 65. Be2 Bf4 66. Qg4 1/2-1/2